Practical methods in adult education / (Record no. 21921)

MARC details
000 -LEADER
fixed length control field 01006cam a22002651 4500
001 - CONTROL NUMBER
control field e 43000074
003 - CONTROL NUMBER IDENTIFIER
control field DLC
005 - DATE AND TIME OF LATEST TRANSACTION
control field 20260227111231.0
008 - FIXED-LENGTH DATA ELEMENTS--GENERAL INFORMATION
fixed length control field 821113s1942 nyu 000 0 eng c
010 ## - LIBRARY OF CONGRESS CONTROL NUMBER
LC control number e 43000074
035 ## - SYSTEM CONTROL NUMBER
System control number (OCoLC)8955509
040 ## - CATALOGING SOURCE
Original cataloging agency U. S. Off. of educ. Library
Transcribing agency ICarbS
Modifying agency ICarbS
-- DLC
042 ## - AUTHENTICATION CODE
Authentication code premarc
050 00 - LIBRARY OF CONGRESS CALL NUMBER
Classification number LC5252.N7
Item number A5
051 ## - LIBRARY OF CONGRESS COPY, ISSUE, OFFPRINT STATEMENT
Classification number LC5219
Item number .W47
100 1# - MAIN ENTRY--PERSONAL NAME
Personal name Whipple, Caroline A.
Fuller form of name (Caroline Almira)
245 10 - TITLE STATEMENT
Title Practical methods in adult education /
Statement of responsibility, etc. by Caroline A. Whipple and Ruth Kotinsky, Bureau of adult education, New York state education department.
260 ## - PUBLICATION, DISTRIBUTION, ETC.
Place of publication, distribution, etc. [Albany] :
Name of publisher, distributor, etc. The University of the state of New York press,
Date of publication, distribution, etc. [1941]
300 ## - PHYSICAL DESCRIPTION
Extent 27 p. ;
Dimensions 23 cm.
490 1# - SERIES STATEMENT
Series statement University of the state of New York bulletin, no. 1226 ...
Volume/sequential designation December 15, 1941
504 ## - BIBLIOGRAPHY, ETC. NOTE
Bibliography, etc. note Bibliography: p. 23-27.
650 #0 - SUBJECT ADDED ENTRY--TOPICAL TERM
Topical term or geographic name entry element Adult education.
700 1# - ADDED ENTRY--PERSONAL NAME
Personal name Kotinsky, Ruth,
Dates associated with a name 1903-1955.
810 2# - SERIES ADDED ENTRY--CORPORATE NAME
Corporate name or jurisdiction name as entry element University of the State of New York.
Title of a work Bulletin ;
Volume/sequential designation no. 1226.

No items available.

Powered by Koha